| 000 | 01076cam3a220027700 4500 | ||
|---|---|---|---|
| 001 | lce00747085 | ||
| 008 | 710729m19719999iluabch 001 0 eng | ||
| 010 | _a 71151797 //r842 | ||
| 020 | _a0874850495 | ||
| 035 | _a(Sirsi) r30334 | ||
| 035 | _a(DLC) 71151797 //r842 | ||
| 035 | _a(UPRA)lce00747085 | ||
| 043 | _an-us--- | ||
| 050 | 0 |
_aE185 _b.E23 |
|
| 082 | _a973/.04/96073 | ||
| 245 | 0 | 0 |
_aEbony pictorial history of Black America, _cby the editors of Ebony. Introd. by Lerone Bennett, Jr. |
| 260 |
_aChicago, _bJohnson Pub., _c1971- |
||
| 505 | 1 | _av. 1. African past to the Civil War.--v. 2. Reconstruction to Supreme Court decision 1954.--v. 3. Civil rights movement to Black revolution.--v. 4. The 1973 year book. | |
| 650 | 0 |
_aAfro-Americans -- History. _xAfro-Americans -- History. _6S290.2 |
|
| 730 | 0 | _aEbony. | |
| 740 | 0 | _aPictorial history of Black America. | |
| 949 |
_aE185 _wlcc _i-34088 _mMAIN _tBOOK _lON-SHELF |
||
| 949 |
_aE185 _wlcc _i-34089 _mMAIN _tBOOK _lON-SHELF |
||
| 949 |
_aE185 _wlcc _i33729002078926 _mMAIN _tBOOK _lON-SHELF |
||
| 004 | 30334 | ||
| 999 |
_c201139 _d201139 |
||